01034 2200229 45000010005000000100015000051000041000201010008000611020007000692000077000762100049001532150039002022250038002413300325002796060039006046060039006437000035006827020027007178010038007448010014007828300008007969457 a2264001364 a19770607d1977 m y0frey50 ba0 afre aFR1 aLe Signifiant imaginairebLIVRePsychanalyse et CinémafChristian Metz aPariscUnion générale d'éditionsd1977 a370 p.ccouv. ill. en coul.d18 cm a10-18 v1134fChristian Bourgois  aLe cinéma comme institution du signifiant: d'emblée historique, et pas seulement par ses « contenus ». La machine-cinéma dans l'imaginaire et dans la symbolique d'une civilisation. Appareils: psychique, optique. Jeux de miroirs (décalés). Vers une seconde « sémiologie », ou le sens comme opération. 311965199aSémiotique et cinéma 311970727aPsychanalyse et cinéma 312306614aMetzbChristian4070 4440aBernard bPierre  0aFRbFR-751131015c19770607gAFNOR 0aTNb32Bis aABA